| 000 | 00734nam a22002177a 4500 | ||
|---|---|---|---|
| 003 | OSt | ||
| 005 | 20251120132608.0 | ||
| 008 | 251120b |||||||| |||| 00| 0 eng d | ||
| 020 | _a0-8016-6672-4 | ||
| 040 |
_aDWC-Main lib _cOC |
||
| 082 | _aCirc. 610.73 M489 1993 | ||
| 245 |
_aMedical-surgical nursing : _ba nursing process approach |
||
| 260 |
_aMissouri : _bMosby Year Book, _cc1993 |
||
| 300 |
_axxvi, 1695 pages : _billustration : _c 28 cm. |
||
| 504 | _aIncludes bibliographical references and index | ||
| 650 | _2Nursing | ||
| 650 | _2Nursing care | ||
| 650 | _2Surgical nursing | ||
| 700 | _aLong, Barbara C. | ||
| 942 |
_2ddc _cBK-CIRC _e3rd edition _hCirc. 610.73 M489 1993 _kCirc. _n0 |
||
| 999 |
_c5880 _d5880 |
||